[Event "Risarald op"]
[Site "Risarald"]
[Date "2015.06.14"]
[Round "5"]
[White "Marin, Rogelio"]
[Black "Orozco Santos, Federico"]
[Result "1-0"]
[WhiteElo "1932"]
[BlackElo "1830"]
[PlyCount "51"]
[EventDate "2015.06.12"]
[EventType "swiss"]
[EventRounds "7"]
[EventCountry "COL"]
[SourceTitle "CBM 167 Extra"]
[Source "ChessBase"]
[SourceDate "2015.09.14"]
[SourceVersion "1"]
[SourceVersionDate "2015.09.14"]
[SourceQuality "1"]

1. Nf3 Nf6 2. g3 g6 3. Bg2 Bg7 4. d4 c5 5. c3 cxd4 6. cxd4 Nc6 7. 0-0 d5 8. Nc3 0-0 9. Re1 Re8 10. Bf4 Nh5 11. Be3 a6 12. Rc1 Qd6 13. Nxd5 Bf5 14. Nd2 Rad8 15. Nc4 Qb8 16. Qb3 Nxd4 17. Bxd4 Bxd4 18. Rcd1 Bg7 19. Qb6 Rc8 20. b3 Nf6 21. Nde3 Be4 22. Bh3 Rc6 23. Qb4 b5 24. Nd2 Bd5 25. Nxd5 Nxd5 26. Qe4 1-0